Niezapomniane Jedenastki #11: Niemcy 2014 - Statystyki

Ogólne statystyki
  • Ten quiz został rozwiązany 178 razy
  • Średni wynik to 9 z 11
Statystyki odpowiedzi
Pozycja Klub Zawodnik % Poprawnych
BR Bayern Manuel Neuer
100%
ŚPD Bayern Philipp Lahm
92%
ŚO Dortmund Mats Hummels
91%
N Lazio Miroslav Klose
90%
ŚPO Bayern Thomas Muller
89%
ŚPO Arsenal Mesut Ozil
86%
ŚP Bayern Toni Kroos
80%
ŚPD Real Madryt Sami Khedira
79%
PO Bayern Jerome Boateng
61%
ŚO Arsenal Per Mertesacker
58%
LO Schalke Benedikt Howedes
44%
Nie znaleziono quizów pasujących do podanych kryteriów
Rozkład punktacji
Procent ludzi z każdym wynikiem
Percentyl według liczby udzielonych odpowiedzi
Twoja historia wyników
Nie rozwiązałeś tego quizu